China Pakistan corridor: (Record no. 143632)

MARC details
000 -LEADER
fixed length control field 00666nam a22001937a 4500
005 - DATE AND TIME OF LATEST TRANSACTION
control field 20230926110910.0
010 ## - LCCN (DPL NO)
LC control number ENG-119968
020 ## - INTERNATIONAL STANDARD BOOK NUMBER
Terms of availability 995.00
International Standard Book Number 9789386535030
035 ## - SYSTEM CONTROL NUMBER
System control number EN-103500
037 ## - SOURCE OF ACQUISITION
Source of stock number/acquisition DBAD/PUB
082 ## - DEWEY DECIMAL CLASSIFICATION NUMBER
Classification number 382.095105491
245 ## - TITLE STATEMENT
Title China Pakistan corridor:
Remainder of title Bane or Boom/
Statement of responsibility, etc Edited by Archana Rathore
260 ## - PUBLICATION, DISTRIBUTION, ETC. (IMPRINT)
Place of publication, distribution, etc New Delhi
Name of publisher, distributor, etc Jawahar Publishers & Distributors,
Date of publication, distribution, etc 2017
270 ## - ADDRESS
Address 46, Samachar Apartment, Mayur Vihar-I,
City New Delhi
Postal code 110091
300 ## - PHYSICAL DESCRIPTION
Extent vii, 280p
Dimensions 22cm (pbk)
500 ## - GENERAL NOTE
General note Include bibliographical references and index
700 ## - ADDED ENTRY--PERSONAL NAME
Personal name Rathor, Archana
9 (RLIN) 57345
942 ## - ADDED ENTRY ELEMENTS (KOHA)
Source of classification or shelving scheme Dewey Decimal Classification
Item type English Books
Classification part 382.095105491
Call number suffix CHI
Holdings
Withdrawn status Lost status Not for loan Collection code Home library Current library Date acquired Source of acquisition Cost, normal purchase price Full call number Barcode Copy number Cost, replacement price Koha item type
      Non-fiction D.B.Act.Division Mobile Library 22/08/2017 DBAD/PUB 995.00 382.095105491 CHI EN-103500 1 995.00 English Books

© Delhi Public Library
Hit Counter
free hit counter